000 00671nam a2200229Ia 4500
003 GCL
008 140319s9999 xx 000 0 ara d
020 _a0133600977
040 _aGCL /
_cGCL
082 0 4 _a709.04
_bم ا
100 1 _aمحسن محمد عطية
245 1 0 _aاتجاهات فى الفن الحديث /
_cمحسن محمد عطية
250 _aالرابعة
260 _aالقاهرة :
_bدار المعارف ،
_c1997
300 _a204 ص ؛
_c24 سم
490 _a
650 0 4 _aالواقعية فى الفن
650 0 4 _aالفن الحديث
650 0 4 _aالتعبيرية
650 0 4 _aالتكعيبية
942 _2ddc
_cBK
999 _c55259
_d55259